Chinese Coastal Cities - Sudden Death - Statistics

General Stats
  • This quiz has been taken 23 times
  • The average score is 4 of 13
Answers on the Grid
Answers color-coded by a green-red scale on the quiz's grid according to % correct below.
Beijing
Shanghai
Tianjin
Chongqing
Chengdu
Shenzhen
Xiamen
Quanzhou
Putian
Shantou
Nanjing
Kunming
Guilin
Qingdao
Tangshan
Zhengzhou
Xi'An
Urumqi
Dalian
Shenyang
Harbin
Haikou
Sanya
Wuhan
Nanchang
Shijiazhuang
Ningbo
Nanning
Guiyang
Lanzhou
Zhangjiajie
Jinan
 
Answer Stats
Answer % Correct
Shanghai
69%
Dalian
44%
Shenzhen
44%
Xiamen
44%
Qingdao
38%
Tianjin
38%
Haikou
31%
Shantou
31%
Sanya
25%
Ningbo
19%
Putian
19%
Tangshan
19%
Quanzhou
13%
No matching quizzes found
Score Distribution
Percent of People with Each Score
Percentile by Number Answered
Your Score History
You have not taken this quiz